Statistiques concernant Tous les joueurs ayant établi un record de transfert.

Cliquez ici pour prendre le quiz!

Statistiques générales

  • Ce quiz a été pris 152 fois
  • Le résultat moyen est 5 sur 21

Statistiques - réponses

Prix+annéeRéponse% Correct
222M (2017)Neymar
99%
77.5M (2001)Zinédine Zidane
84%
94M (2009)Cristiano Ronaldo
82%
116M (2016)Paul Pogba
72%
101M (2013)Gareth Bale
71%
60M (2000)Luís Figo
53%
1M (1973)Johan Cruyff
15%
26.5M (1997)Ronaldo
15%
12M (1984)Diego Maradona
8%
7.3M (1982)Diego Maradona
4%
3.8M (1981)Diego Maradona
4%
12.9M (1990)Roberto Baggio
4%
56.81M (2000)Hernán Crespo
3%
46.48M (1999)Christian Vieri
2%
3M (1979)Andy Gray
1%
31.5M (1998)Denílson
1%
2.65M (1978)Paolo Rossi
1%
1.5M (1974)Paul Breitner
1%
18M (1996)Alan Shearer
0%
16.5M (1992)Gianluca Vialli
0%
26.25M (1997)Sonny Anderson
0%

Distribution des résultats

Percentile par nombre de réponses

% des personnes avec chaque résultat

Votre développement - résultats

Vous n’avez pas pris ce quiz